[Event "Saarland-ch C"]
[Site "Saarlouis Steinrausch"]
[Date "2005.03.21"]
[Round "4"]
[White "Pyrek, Adolf"]
[Black "Kurtz, Joshua"]
[Result "1-0"]
[WhiteElo "1348"]
[BlackElo "1190"]
[PlyCount "93"]
[EventDate "2005.03.18"]
[EventType "swiss"]
[EventRounds "9"]
[EventCountry "GER"]
[SourceTitle "EXT 2012"]
[Source "ChessBase"]
[SourceDate "2011.11.24"]
[SourceVersion "1"]
[SourceVersionDate "2011.11.24"]
[SourceQuality "1"]

1. e4 e5 2. Nf3 Nc6 3. c3 Nf6 4. Bc4 Nxe4 5. Qe2 d5 6. Bb5 Bc5 7. d4 exd4 8. Nxd4 Bxd4 9. cxd4 Bd7 10. Bxc6 Bxc6 11. f3 0-0 12. fxe4 Re8 13. e5 Qd7 14. Nc3 Qe7 15. Bf4 Qh4+ 16. g3 Qe7 17. 0-0-0 f6 18. Rde1 fxe5 19. Bxe5 Qe6 20. Rhf1 a6 21. Rf4 Re7 22. Qf3 Rd8 23. Rf1 Qh6 24. h4 b5 25. g4 Rf7 26. g5 Rxf4 27. Qxf4 Qe6 28. Qf5 Qe7 29. h5 Rf8 30. Qxf8+ Qxf8 31. Rxf8+ Kxf8 32. Bxc7 Kf7 33. Be5 Bb7 34. Ne2 g6 35. hxg6+ Kxg6 36. Bf4 Kf5 37. Kd2 Ke4 38. Be3 Bc6 39. Ng3+ Kf3 40. Nh5 Be8 41. Nf6 Bg6 42. Nxd5 a5 43. a3 Bf5 44. Nc7 Bd7 45. Nd5 Ke4 46. Nf6+ Kf5 47. Nxd7 1-0

[Event "Saarland-ch C"]
[Site "Saarlouis Steinrausch"]
[Date "2005.03.18"]
[Round "1"]
[White "Kurtz, Joshua"]
[Black "Mayenborn, Tobias"]
[Result "0-1"]
[WhiteElo "1190"]
[BlackElo "1311"]
[PlyCount "109"]
[EventDate "2005.03.18"]
[EventType "swiss"]
[EventRounds "9"]
[EventCountry "GER"]
[SourceTitle "EXT 2012"]
[Source "ChessBase"]
[SourceDate "2011.11.24"]
[SourceVersion "1"]
[SourceVersionDate "2011.11.24"]
[SourceQuality "1"]

1. d4 d5 2. c4 dxc4 3. Nc3 Nf6 4. Nf3 Bf5 5. Bg5 e6 6. e4 Bg4 7. e5 h6 8. exf6 hxg5 9. fxg7 Bxg7 10. Bxc4 Bxf3 11. Qxf3 Nc6 12. d5 Ne5 13. Qe2 Nxc4 14. Qxc4 Bxc3+ 15. Qxc3 Ke7 16. dxe6 fxe6 17. Qb4+ Qd6 18. Qxb7 Rad8 19. Qb3 Qd2+ 20. Kf1 Rhf8 21. f3 g4 22. Qc3 Qxc3 23. bxc3 gxf3 24. Kf2 Rd2+ 25. Ke3 Re2+ 26. Kd3 Rd8+ 27. Kc4 fxg2 28. Rhg1 Rg8 29. a4 Rf2 30. Kb5 Rf3 31. c4 Rh3 32. Kc6 Kd8 33. Rac1 Rxh2 34. Kb7 a5 35. Ka6 Rh5 36. c5 Rgg5 37. c6 Rg7 38. Kb7 e5 39. Rcd1+ Ke8 40. Rd5 Rh1 41. Rxe5+ Kf8 42. Ree1 Rxg1 43. Rxg1 Ke8 44. Kb8 Kf8 45. Kb7 Kg8 46. Rxg2 Rxg2 47. Kxc7 Kf7 48. Kd7 Rd2+ 49. Kc8 Ke7 50. c7 Rc2 51. Kb8 Kd7 52. c8Q+ Rxc8+ 53. Kb7 Rc4 54. Kb6 Rxa4 55. Kb5 0-1